000 02058nam0a2200349 4500
001 RU\NLR\bibl\2039604
005 20250616220158.0
010 _a978-5-9239-0443-7
_940
021 _aRU
_b2013-34388
_92354
035 _a(NLR Aleph) 002026934
090 _a4531659
_c4531659
100 _a20130604d2013 |||y0rusy50 ca
101 0 _arus
102 _aRU
105 _aa|||j||||00yy
200 1 _aСоциология и экономика труда
_eучебное пособие
_eдля студентов направления бакалавриата 080100 "Экономика" (профиль "Бухгалтерский учет, анализ и аудит" всех форм обучения)
_fВ.С. Пунгина
_gМ-во образования и науки Рос. Федерации, Сыктывк. лес. ин-т (фил.) федер. гос. бюджет. образоват. учреждения высш. проф. образования "С.-Петерб. гос. лесотехн. ун-т им. С.М. Кирова"
210 _aСыктывкар
_cСЛИ
_d2013
215 _a120 с.
_cил.
_d21
320 _aБиблиогр.: с. 92
606 1 _aЭкономика труда
_jУчебные издания для высших учебных заведений
_92527757
_3RU\NLR\AUTH\6601711491
606 1 _aТруд
_jУчебные издания для высших учебных заведений
_xСоциология
_92078692
_3RU\NLR\AUTH\661254554
606 1 _aСоциология труда
_jУчебные издания для высших учебных заведений
_92207868
_3RU\NLR\AUTH\6601560678
686 1 _aУ24(0)я73
686 1 _aС550.44я73
700 1 _4070
_aПунгина
_bВ. С.
_cканд.экон. наук.
_gВероника Сергеевна
_9135230
_3RU\NLR\AUTH\770135265
801 0 _aRU
_bNLR
_c20130604
_gRCR
801 1 _aRU
_bNLR
_c20130604
942 _cBOOK
980 _aNBR
980 _aNB